Curso y ejercicios de estadística : (Record no. 123304)

MARC details
000 -LEADER
campo de control de longitud fija 00964nam a2200277 4500
001 - NÚMERO DE CONTROL
campo de control 123304
003 - IDENTIFICADOR DE NÚMERO DE CONTROL
campo de control ES-MaACL
005 - FECHA Y HORA DE LA ÚLTIMA TRANSACCIÓN
campo de control 20250903022111.0
007 - CAMPO FIJO DE DESCRIPCIÓN FÍSICA--INFORMACIÓN GENERAL
campo de control de longitud fija t|
008 - DATOS DE LONGITUD FIJA--INFORMACIÓN GENERAL
campo de control de longitud fija 070214s1982 sp r ||||0| spa d
020 ## - NÚMERO INTERNACIONAL ESTÁNDAR DEL LIBRO
Número Internacional Estándar del Libro 84-205-0878-0
080 ## - NÚMERO DE LA CLASIFICACIÓN DECIMAL UNIVERSAL
Número de la Clasificación Decimal Universal 519.22(076.1)
100 1# - ENTRADA PRINCIPAL--NOMBRE DE PERSONA
Nombre de persona Quesada Paloma, Vicente.
9 (RLIN) 94569
245 10 - MENCIÓN DEL TÍTULO
Título Curso y ejercicios de estadística :
Resto del título aplicación a las ciencias biológicas, médicas y sociales /
Mención de responsabilidad, etc. Vicente Quesada Paloma, A. Isidoro Martín, L.A. López Martín.
250 ## - MENCION DE EDICION
Mención de edición 2ª ed.
260 ## - PUBLICACIÓN, DISTRIBUCIÓN, ETC.
Lugar de publicación, distribución, etc. Madrid :
Nombre del editor, distribuidor, etc. Alhambra,
Fecha de publicación, distribución, etc. 1982.
300 ## - DESCRIPCIÓN FÍSICA
Extensión VII, 437 p. :
Otras características físicas gráf. ;
Dimensiones 24 cm +
Material acompañante/anejo 1 cuaderno: Tablas (24 p.)
490 1# - MENCIÓN DE SERIE
Mención de serie Alhambra universidad
504 ## - NOTA DE BIBLIOGRAFÍA, ETC.
Nota de bibliografía, etc. Bibliografía: p. 437.
650 #7 - PUNTO DE ACCESO ADICIONAL DE MATERIA--TÉRMINO DE MATERIA
Término de materia o nombre geográfico como elemento de entrada Estadística matemática
Fuente del encabezamiento o término embne
9 (RLIN) 143469
700 1# - ENTRADA AGREGADA--NOMBRE PERSONAL
Nombre de persona Isidoro Martín, A.
9 (RLIN) 65569
700 1# - ENTRADA AGREGADA--NOMBRE PERSONAL
Nombre de persona López Martín, L. A.
9 (RLIN) 73754
830 1# - PUNTO DE ACCESO ADICIONAL DE SERIE-TÍTULO UNIFORME
Título uniforme Alhambra universidad
9 (RLIN) 180698
852 ## - LOCALIZACIÓN
Ubicación ES-MaACL
Número de control de estantería L-2736
Holdings
Estatus retirado Estado de pérdida Estado de daño No para préstamo Biblioteca de origen Biblioteca actual Ubicación en estantería Fecha de adquisición Fuente de adquisición Total de préstamos Signatura topográfica completa Código de barras Visto por última vez Precio de reemplazo Tipo de ítem Koha
        Biblioteca del Ateneo de Madrid Biblioteca del Ateneo de Madrid Depósito 2 17/01/2008     L-2736 1128476 23/02/2023 23/02/2023 Libro impreso